000 00840nam a22002057a 4500
999 _c8336
_d8336
003 AR-CdUCM
008 190322b ||||| |||| 00| 0 spa d
040 _aMUNICIPALIDAD PROVINCIAL DEL CUSCO
_cBIBLIOTECA MUNICIPAL DEL CUSCO
082 _a514 /
_bT48
100 _aThompson, J. E.
_921472
245 _aTrigonometría /
260 _aMexico :
_bU.T.E.H.A.
_c1950.
300 _a254 paginas ;
_c20 cm.
505 _aContenido :Ángulos, circunferencia y triángulos -- Triángulos, rectángulos y funciones trigonométricas -- Resoluciones de triángulos rectángulos -- Resoluciones de triángulos oblicuángulos -- Problemas en que intervienen triángulos oblicuángulos ...
650 _aTermodinámica
_919746
650 _aGeometría plana
_923398
700 _aOrtiz Vazquez, Ricardo
_923399
942 _2ddc
_cLIBROS
945 _arum